00395nam a2200145Ia 4500008004100000010001400041040002600055041002600081082001700107100001900124245004000143260002000183300002200203600002400225090201s9999 xx 000 0 und d aKPL-12076 bइंग्रजी aइंग्रजी a26498b12076 alouis trimble amarshall of sugareeclouis trimble c2004bace books a131bमोठा amarshall of sugaree